00716nam a2200169 a 4500003000200000005001700002008004100019050003100060100004300091245010300134260009100237300002800328504004100356650006200397650005300459650003400512020250201095028.0130901s19uu xx 00 eng d aPGS HD 62.25b.Al473 2013  aAlvarez, Keizzer Zethdrixx Ymmanuel P. aFamily business ownership and entrepreneurship qualities /cKeizzer Zethdrixx Ymmanuel P. Alvarez. aLas Piñas City, Philippines :bSouthville International School and Colleges, c2013. a26 p. :bill. ;c28 cm. aIncludes bibliographical references. aFamily-owned business enterprisesvInfluence on children. aEntrepreneurial skillsvDevelopment in children. aEntrepreneurship in children.